01452cam a2200313 i 450000100060000000300080000600500170001400800390003102000170007003500190008704000320010604100110013808200260014911100910017524501710026626000870043730000290052449000290055350000180058250001540060050000340075465000430078865000550083171000470088683000370093394200120097099900170098295201390099913776BD-RjUL20211208235518.0140201t1978 au a i100 0 eng a9200610781 : a(BD-RjUL)13828 aDLCcDLCdDLCdBD-RjULbeng0 aengrus00a624.152216bTEP 19782 aTechnical Committee on the Peaceful Uses of Nuclear Explosions,cVienna,d1976.94311210aPeaceful nuclear explosions V :bproceedings of a technical committee ... organized by the International Atomic Energy Agency and held in Vienna, 22-24 Nov., (1976) / aVienna ;bInternational Atomic Energy Agency ;aNew York :bSold by Unipub,c1978. a198 p. :bill. ;c24 cm.1 aPanel proceedings series a"STI/PUB/473" a"Peaceful nuclear explosions I-III" published as proceedings of 1st-3d Panel on the Peaceful Use of Nuclear Explosions, held in 1970, 1971, and 1972. aTwo contributions in Russian. 0aNuclear excavationxCongresses.943108 0aUnderground nuclear explosionsxCongresses.9431092 aInternational Atomic Energy Agency.943110 0aPanel proceedings series.943113 2ddccBK c13776d13776 00102ddc40718NFICaRUCLbRUCLcReadingd1978-09-23eAsia Foundationl0o624.152 TEP 1978r2014-02-01 00:00:00tC-1w2014-02-01yBK